Centenario de Carabobo / (Record no. 52538)

MARC details
000 -LEADER
campo de control de longitud fija 00593nam a2200169 i 4500
001 - NÚMERO DE CONTROL
campo de control 52538
003 - IDENTIFICADOR DE NÚMERO DE CONTROL
campo de control ES-MaACL
005 - FECHA Y HORA DE LA ÚLTIMA TRANSACCIÓN
campo de control 20230906162612.0
007 - CAMPO FIJO DE DESCRIPCIÓN FÍSICA--INFORMACIÓN GENERAL
campo de control de longitud fija t|
008 - DATOS DE LONGITUD FIJA--INFORMACIÓN GENERAL
campo de control de longitud fija 030901s1921 ve ||||1| spa d
100 1# - ENTRADA PRINCIPAL--NOMBRE DE PERSONA
Nombre de persona Dávila, Vicente.
9 (RLIN) 42939
245 10 - MENCIÓN DEL TÍTULO
Título Centenario de Carabobo /
Mención de responsabilidad, etc. discurso pronunciado por Vicente Dávila en el Panteón Nacional el 5 de julio.
260 ## - PUBLICACIÓN, DISTRIBUCIÓN, ETC.
Lugar de publicación, distribución, etc. Caracas :
Nombre del editor, distribuidor, etc. [s.n.,
Fecha de publicación, distribución, etc. 1921] (
Fabricante Imprenta Bolivar)
650 #4 - PUNTO DE ACCESO ADICIONAL DE MATERIA--TÉRMINO DE MATERIA
Término de materia o nombre geográfico como elemento de entrada Carabobo, Batalla de, 1821.
9 (RLIN) 159972
651 #4 - PUNTO DE ACCESO ADICIONAL DE MATERIA--NOMBRE GEOGRÁFICO
Nombre geográfico Venezuela-
Subdivisión general Historia-
Subdivisión cronológica 1810-1823, Guerra de la Independencia.
9 (RLIN) 148949
852 ## - LOCALIZACIÓN
Ubicación ES-MaACL
Número de control de estantería 1615-F-20
Holdings
Estatus retirado Estado de pérdida Estado de daño No para préstamo Colección Biblioteca de origen Biblioteca actual Ubicación en estantería Fecha de adquisición Fuente de adquisición Total de préstamos Signatura topográfica completa Código de barras Visto por última vez Precio de reemplazo Tipo de ítem Koha
        Colección de folletos Biblioteca del Ateneo de Madrid Biblioteca del Ateneo de Madrid Depósito folletos 17/01/2008     1615-F-20 1055220 23/02/2023 23/02/2023 Folleto